Statistics for TOP10 US states by coronavirus infected people

Click here to take the quiz!

General Stats

  • This quiz has been taken 21 times
  • The average score is 8 of 10

Answer Stats

CasesState% Correct
887California
100%
328Florida
100%
3,08kNew York
100%
1,18kWashington
100%
256Massachusetts
90%
427New Jersey
90%
224Texas
90%
221Colorado
81%
280Louisiana
57%
290Ilinois
5%

Score Distribution

Percentile by Number Answered

Percent of People with Each Score

Your Score History

You have not taken this quiz